Statistics for NBA Top 10 Left Handlers All-Time

Click here to take the quiz!

General Stats

  • This quiz has been taken 111 times
  • The average score is 4 of 11

Answer Stats

Player% Correct
James Harden
83%
Manu Ginóbili
54%
Bill Russell
48%
David Robinson
41%
Chris Mullin
33%
Willis Reed
20%
Nate Archibald
19%
Chris Bosh
17%
Dave Cowens
17%
Zach Randolph
16%
Bob Lanier
14%

Score Distribution

Percentile by Number Answered

Percent of People with Each Score

Your Score History

You have not taken this quiz